000 01255nam0a2200337 4500
001 RU\NLR\bibl\1733549
005 20250616080517.0
010 _a5-94331-100-9
_91000
021 _aRU
_b2010-102686
_96939
035 _a(nilc)RSL-KNO-004870823
035 _a(NLR Aleph) 001724493
090 _a1360624
_c1360624
100 _a20101227d2004 |||y0rusy50 ca
101 1 _arus
_cund
102 _aRU
105 _ay zzzz|||||
200 1 _aПрикосновение солнечного лучика
_eкороткие истории для души
_fБруно Ферреро
_g[пер.: Татьяна Тихонова]
210 _aГатчина, Ленинградская обл.
_cСЦДБ
_d2004
215 _a78, [2] с.
_cцв. ил., портр.
_d17
225 1 _aКороткие истории для души
_v7
606 1 _aДуховно-нравственное чтение
_92074545
_3RU\NLR\auth\661249549
686 _aШ5(4Ит)62-644
_2rubbk
686 _aЭ375-681.2
700 1 _aФерреро
_bБ.
_gБруно
_4070
801 0 _aRU
_bRuMoRKP
_c20101227
_grcr
801 1 _aRU
_bRuMoRGB
_c20101227
801 2 _aRU
_bNLR
_c20110208
_grcr
942 _cBOOK
980 _aNB